000 00678nam a22002297a 4500
005 20170124105942.0
010 _a456985
020 _c00.00
035 _a456985
037 _bCen Lib/Ret
040 _aDPL
_bEN
082 _a320.07
_bPER
245 _aPerspective on the welfare state /
_cedited by S.P. Aiyar
260 _aBombay
_bP.C. Manaktala and Sons
_c1966
270 _aChurch Gate
_bBombay
300 _axxviii, 384p.
_c21cm(Hb)
500 _aIncludes bibliographical references and index
650 _aPolitical science
_973902
650 _aSocial aspects
_973903
700 _aAiyer, S.P.
_973904
942 _2ddc
_cEN
_h320.07
_mPER
999 _c124680
_d124680